000 01081cad a22001935a 4500
001 L157462
008 121213s2012 xxk f 000 0 eng d
035 _a(Sirsi) u157462
041 0 _aeng
110 2 _aUnited Kingdom
_bDepartment for Communities and Local Government
_94939
245 0 0 _aImplementing the Energy Efficiency Directive provision on easy access to 24 months of daily/weekly/monthly/annual consumption data for consumers with smart meters
_bConsultation document
_h[electronic resource]
260 _aLondon
_bDECC
_c2012
520 _aConsultation focuses on the implementation of a provision in the new Energy Efficiency Directive, which relates to the roll-out of smart meters. It requires that domestic consumers should be provided with easy access to at least 24 months of consumption data when they have a smart meter.
590 _aKA
651 4 _aUnited Kingdom
690 _aEnergy
_96237
856 4 0 _uhttps://www.decc.gov.uk/en/content/cms/consultations/sm_en_eff_dir/sm_en_eff_dir.aspx
_zView the item free of charge at www.decc.gov.uk
942 _n0
999 _c114781
_d114781